|
|
|
|
| LEADER |
02889nam a22004935i 4500 |
| 001 |
978-3-642-27398-8 |
| 003 |
DE-He213 |
| 005 |
20151106091101.0 |
| 007 |
cr nn 008mamaa |
| 008 |
120109s2012 gw | s |||| 0|eng d |
| 020 |
|
|
|a 9783642273988
|9 978-3-642-27398-8
|
| 024 |
7 |
|
|a 10.1007/978-3-642-27398-8
|2 doi
|
| 040 |
|
|
|d GrThAP
|
| 050 |
|
4 |
|a QD450-882
|
| 072 |
|
7 |
|a PNR
|2 bicssc
|
| 072 |
|
7 |
|a SCI013050
|2 bisacsh
|
| 082 |
0 |
4 |
|a 541
|2 23
|
| 245 |
1 |
0 |
|a Unimolecular and Supramolecular Electronics II
|h [electronic resource] :
|b Chemistry and Physics Meet at Metal-Molecule Interfaces /
|c edited by Robert M. Metzger.
|
| 264 |
|
1 |
|a Berlin, Heidelberg :
|b Springer Berlin Heidelberg :
|b Imprint: Springer,
|c 2012.
|
| 300 |
|
|
|a XII, 272 p.
|b online resource.
|
| 336 |
|
|
|a text
|b txt
|2 rdacontent
|
| 337 |
|
|
|a computer
|b c
|2 rdamedia
|
| 338 |
|
|
|a online resource
|b cr
|2 rdacarrier
|
| 347 |
|
|
|a text file
|b PDF
|2 rda
|
| 490 |
1 |
|
|a Topics in Current Chemistry,
|x 0340-1022 ;
|v 313
|
| 505 |
0 |
|
|a Molecular Electronic Junction Transport: Some Pathways and Some Ideas, by Gemma C. Solomon, Carmen Herrmann and Mark A. Ratner -- Unimolecular Electronic Devices, by Robert M. Metzger and Daniell L. Mattern -- Active and Non-Active Large-Area Metal?Molecules?Metal Junctions, by Barbara Branchi, Felice C. Simeone and Maria A. Rampi -- Charge Transport in Single Molecular Junctions at the Solid/Liquid Interface, by Chen Li, Artem Mishchenko and Thomas Wandlowski. Tunneling Spectroscopy of Organic Monolayers and Single Molecules, by K. W. Hipps -- Single Molecule Logical Devices, by Nicolas Renaud, Mohamed Hliwa and Christian Joachim.-.
|
| 520 |
|
|
|a G. C. Solomon C. Herrmann M. A. Ratner Molecular Electronic Junction Transport: Some Pathways and Some Ideas R. M. Metzger D. L. Mattern Unimolecular Electronic Devices B. Branchi F. C. Simeone M. A. Rampi Active and Non-Active Large-Area Metal–Molecules–Metal Junctions C. Li A. Mishchenko T. Wandlowski Charge Transport in Single Molecular Junctions at the Solid/Liquid Interface K. W. Hipps Tunneling Spectroscopy of Organic Monolayers and Single Molecules N. Renaud M. Hliwa C. Joachim Single Molecule Logical Devices.
|
| 650 |
|
0 |
|a Chemistry.
|
| 650 |
|
0 |
|a Physical chemistry.
|
| 650 |
|
0 |
|a Physics.
|
| 650 |
|
0 |
|a Optical materials.
|
| 650 |
|
0 |
|a Electronic materials.
|
| 650 |
1 |
4 |
|a Chemistry.
|
| 650 |
2 |
4 |
|a Physical Chemistry.
|
| 650 |
2 |
4 |
|a Applied and Technical Physics.
|
| 650 |
2 |
4 |
|a Optical and Electronic Materials.
|
| 700 |
1 |
|
|a Metzger, Robert M.
|e editor.
|
| 710 |
2 |
|
|a SpringerLink (Online service)
|
| 773 |
0 |
|
|t Springer eBooks
|
| 776 |
0 |
8 |
|i Printed edition:
|z 9783642273971
|
| 830 |
|
0 |
|a Topics in Current Chemistry,
|x 0340-1022 ;
|v 313
|
| 856 |
4 |
0 |
|u http://dx.doi.org/10.1007/978-3-642-27398-8
|z Full Text via HEAL-Link
|
| 912 |
|
|
|a ZDB-2-CMS
|
| 950 |
|
|
|a Chemistry and Materials Science (Springer-11644)
|